| 000 -CABECERA |
| fixed length control field |
01381nam a22002777a 4500 |
| 003 - IDENTIFICADOR DEL NÚMERO DE CONTROL |
| control field |
AR-CdUCM |
| 008 - DATOS DE LONGITUD FIJA--INFORMACIÓN GENERAL |
| fixed length control field |
190425b ||||| |||| 00| 0 spa d |
| 040 ## - FUENTE DE LA CATALOGACIÓN |
| Agencia/entidad que catalogó originalmente la obra |
MUNICIPALIDAD PROVINCIAL DEL CUSCO |
| Entidad que transcribió la catalogación |
BIBLIOTECA MUNICIPAL DEL CUSCO |
| 082 ## - NÚMERO DE LA CLASIFICACIÓN DECIMAL DEWEY |
| No. de Clasificación |
Rev.Anto/N°118/2011 |
| 110 ## - ENTRADA PRINCIPAL--NOMBRE DE ENTIDAD CORPORATIVA |
| Nombre de la institución, jurisdicción como entrada principal |
Universidad Nacional de San Antonio Abad del Cusco |
| 9 (RLIN) |
15942 |
| 245 ## - MENCIÓN DE TÍTULO |
| Título |
El Antoniano : |
| Resto del título |
Revista científico cultural de la Universidad Nacional de San Antonio Abad del Cusco / |
| Mención de responsabilidad |
Hugo Bonet Rodríguez, director |
| 260 ## - PUBLICACIÓN, DISTRIBUCIÓN, ETC. |
| Lugar de publicación, distribución, etc. |
Cusco : |
| Nombre de la editorial, distribuidor, etc. |
UNSAAC, |
| Fecha de publicación, distribución, etc. |
2011. |
| 300 ## - DESCRIPCIÓN FÍSICA |
| Nº de Páginas Extensión |
218 páginas. : |
| Otros detalles físicos |
ilustraciones ; |
| Dimensiones |
29 cm. |
| 440 ## - MENCIÓN DE SERIE/PUNTO DE ACCESO ADICIONAL--TÍTULO |
| Título |
El Antononiano. |
| Número de la parte/sección de una obra |
Año 21, N°118, 2011. |
| 9 (RLIN) |
46956 |
| 505 ## - NOTA DE CONTENIDO CON FORMATO |
| Nota de contenido formateada |
Contenido: Valcárcel y Machupicchu. Jorge Flores Ochoa. -- Hiram Bingham el traficante de Machupicchu. Enrique Portugal. -- Cusco riesgos y planificación urbana. Mario Castillo. -- Desarrollo sostenible para el Cusco. -- Valoración del Parque Arqueológico de Sacsaywaman. -- La ruta de la Lana. Diana Castillo Cerf. ... |
| 650 ## - PUNTO DE ACCESO ADICIONAL DE MATERIA--TÉRMINO DE MATERIA |
| Descriptor |
Folklore cusqueño |
| 9 (RLIN) |
8693 |
| 650 ## - PUNTO DE ACCESO ADICIONAL DE MATERIA--TÉRMINO DE MATERIA |
| Descriptor |
Identidad cultural |
| 9 (RLIN) |
2943 |
| 650 ## - PUNTO DE ACCESO ADICIONAL DE MATERIA--TÉRMINO DE MATERIA |
| Descriptor |
Inkas |
| 9 (RLIN) |
1899 |
| 650 ## - PUNTO DE ACCESO ADICIONAL DE MATERIA--TÉRMINO DE MATERIA |
| Descriptor |
Antropología cusqueña |
| 9 (RLIN) |
45862 |
| 700 ## - PUNTO DE ACCESO ADICIONAL--NOMBRE DE PERSONA |
| Nombre Personal |
Flores Ochoa, Jorge |
| 9 (RLIN) |
2915 |
| 700 ## - PUNTO DE ACCESO ADICIONAL--NOMBRE DE PERSONA |
| Nombre Personal |
Morvelí Salas, Mario |
| 9 (RLIN) |
7203 |
| 700 ## - PUNTO DE ACCESO ADICIONAL--NOMBRE DE PERSONA |
| Nombre Personal |
Castillo Cerf, Diana |
| 9 (RLIN) |
46957 |
| 710 ## - PUNTO DE ACCESO ADICIONAL--NOMBRE DE ENTIDAD CORPORATIVA |
| Nombre corporativo (En letras Mayúsculas) |
Universidad Nacional de San Antonio Abad del Cusco |
| 9 (RLIN) |
15942 |
| 942 ## - ELEMENTOS DE PUNTO DE ACCESO ADICIONAL (KOHA) |
| Fuente de clasificación |
|
| Tipo de item |
Revistas cusqueñas |
| 945 ## - PROCESAMIENTO DE INFORMACIÓN LOCAL (OCLC) |
| Catalogador |
rac |